| 000 | 02784cam a22003251 4500 | ||
|---|---|---|---|
| 001 | 14867 | ||
| 003 | BD-RjUL | ||
| 005 | 20211208235716.0 | ||
| 008 | 140208s1967 cauab b 101 0 eng | ||
| 035 | _a(BD-RjUL)14921 | ||
| 040 |
_aDLC _cDLC _dDLC _beng |
||
| 041 | _aeng | ||
| 082 | 0 | 0 |
_a338.10947 _bSOV 1967 |
| 111 | 2 |
_aConference on Soviet Agricultural and Peasant Affairs _d(1965 : _cSanta Barbara, Calif.) _946281 |
|
| 245 | 1 | 0 |
_aSoviet and East European agriculture / _cEdited, with a pref., by Jerzy F. Karcz. |
| 260 |
_aBerkeley : _bUniversity of California Press, _c1967. |
||
| 300 |
_axxv, 445 p. : _billus., maps. ; _c24 cm. |
||
| 500 | _a"The papers ... represent more or less revised editions of those originally presented at the conference." | ||
| 500 | _a"The meeting was sponsored jointly by the conference and the Center of Slavic and East European Studies at the University of California, Berkeley." | ||
| 504 | _aIncludes index | ||
| 505 | 0 | _aKrushchev and the Soviet agricultural scene, by L. Volin. Comment by A.I. Popluiko.--Krushchev's administrative reforms in agriculture: an appraisal, by R.D. Laird. Comment by H.R. Swearer.--Peasants and officials, by A. Nove. Comment by B. Kerblay.--The Soviet concept of agricultural regionalization and its development, by R.G. Jensen. Comment by W.A.D. Jackson.--A historical-geographical perspective on Krushchev's corn program, by J. Anderson. Comment by K.E. Waedekin.--Soviet sugar-beet production: some geographical aspects of agro-industrial coordination, by W.E. Hultquist. Comment by J. Romanowski.--Ideology and progress in crop rotation, by D. Joravsky. Comment by N. Arnheim, Jr.--Farm employment in the Soviet Union, 1928-1963, by N. Nimitz. Comment by F.A. Durgin, Jr.--Production costs and prices in Soviet agriculture, by N.M. Jasny. Comment by P.M. Raup.--The role of women in Soviet agriculture, by N.D. Dodge and M. Feshbach. Comment by G.S. Murphy.--Soviet agricultural output by 1970, by H.E. Walters and R.W. Judy. Comments by J.G. Chapman and K. Bush.--Farming as a way of life: Yugoslav peasant attitudes, by J.M. Halpern. Comment by R. Bićanić.--The performance of Czechoslovak agriculture since World War II, by G. Lazarcik. Comment by M. Ernst.--Peasant agriculture in Socialist Poland since 1956: an alternative to collectivization, by A. Korbonski. Comment by J. Romanowski. | |
| 650 | 0 |
_aAgriculture and state _zSoviet Union. _916970 |
|
| 650 | 0 |
_aAgriculture and state _zEurope, Eastern. _916973 |
|
| 700 | 1 |
_aKarcz, Jerzy F., _eed. _946277 |
|
| 710 | 2 |
_aUniversity of California, Berkeley. _bCenter for Slavic and East European Studies. _946278 |
|
| 942 |
_2ddc _cBK |
||
| 999 |
_c14867 _d14867 |
||